000 00769pam a2200253 a 4500
001 1386
005 20250820083404.0
020 _a0688109950
040 _aDLC
_cDLC
_dDLC
_beng
050 1 0 _aPZ7.L7795
_bMi 1993
082 0 0 _a[E]
_220
100 1 _aLobel, Arnold
245 1 0 _aMing Lo moves the mountain /
_cwritten and illustrated by Arnold Lobel.
260 _aNew York :
_bScholastic,
_c1982
300 _a30 pages :
_bcolor illustrations ;
_c21 x 25 cm.
505 _aK
520 _aA wise man tells Ming Lo how to move the mountain away from his house.
521 _a600
_bLexile
521 _aK
_bRaz-Plus
650 1 _aMountains
_xFiction.
650 1 _aDwellings
_xFiction.
906 _a7
_bcbc
_corignew
_d1
_eocip
_f19
_gy-gencatlg
942 _2ddc
_cBK
_n0
999 _c1386
_d1386